Scottie Barnes Quiz - Statistics

General Stats
  • This quiz has been taken 42 times
    39 since last reset
  • The average score is 9 of 10
Answer Stats
Question Answer % Correct
What year was Scottie drafted? 2021
100%
How tall is Scottie Barnes? 6'9
100%
What team is Scottie on? Raptors
100%
How many points did Scottie have in his first game? 21
96%
Did Scottie win ROTY? Yes
96%
How many rebounds did Scottie have in his first game? 11
89%
How many assists did Scottie have in his first game? 8
89%
Where did Scottie go to college? Florida State
89%
How many steals and blocks combined did Scottie have in his first game? 4
85%
How much does Scottie weigh? 225
56%
No matching quizzes found
Score Distribution
Percent of People with Each Score
Percentile by Number Answered
Your Score History
You have not taken this quiz since the last reset